Highest Paid College Football Coaches - Statistics

General Stats
  • This quiz has been taken 11 times
  • The average score is 10 of 20
Answer Stats
Amount Answer % Correct
13,282,580 Kirby Smart
88%
10,100,000 Bill Belichick
75%
9,000,000 Lane Kiffin
75%
12,575,000 Ryan Day
75%
8,300,000 Curt Cignetti
63%
11,447,025 Dabo Swinney
63%
10,400,00 Dan Lanning
63%
10,250,000 Kalen DeBoer
63%
10,800,000 Steve Sarkisian
63%
8,500,000 James Franklin
50%
11,537,560 Lincoln Riley
50%
10,175,000 Brain Kelly
38%
8,975,000 Deion Sanders
38%
8,302,883 Mario Cristobal
38%
8,150,000 Shane Beamer
38%
8,200,000 Brett Bielema
25%
9,000,000 Eliah Drinkwitz
25%
9,000,000 Josh Heupel
13%
9,000,000 Mark Stoops
13%
8,500,000 Matt Rhule
13%
No matching quizzes found
Score Distribution
Percent of People with Each Score
Percentile by Number Answered
Your Score History
You have not taken this quiz